00273nam a2200121Ia 45000030006000000080041000060400015000471000020000622450020000822600020001025460012001220050017001340STCL150530s9999 xx 000 0 und d aSTCLcSTCL aPriestley, J.B. aInspector calls bMacmillanc1966 aEnglish20220125171011.0